000 00508nam a2200157Ia 4500
008 140529s9999 xx 000 0 und d
020 _a9789712724121
050 _aHX 406.5
_b.M37 2010
245 _aMarxism in the Philippines :
_bcontinuing engagements /
_cTeresa S. Encarnacion Tadem, Laura L. Samson, editors
260 _aManila, Philippines :
_bAnvil,
_cc2010.
300 _a228 p. ;
_c23 cm.
500 _aIncludes bibliographical references.
521 _aGE
942 _kLOC
_cBK
999 _c117802
_d117802